Debates electorales televisados : (Record no. 110478)

MARC details
000 -LEADER
campo de control de longitud fija 00919cam a2200301Mi 4500
001 - NÚMERO DE CONTROL
campo de control 50603
005 - FECHA Y HORA DE LA ÚLTIMA TRANSACCIÓN
campo de control 20230411090004.0
008 - DATOS DE LONGITUD FIJA--INFORMACIÓN GENERAL
campo de control de longitud fija 070727s2007 sp 000 0 spa d
035 ## - NÚMERO DE CONTROL DEL SISTEMA
Número de control de sistema (OCoLC)ocn159605665
040 ## - FUENTE DE CATALOGACIÓN
Centro catalogador/agencia de origen PL#
Lengua de catalogación spa
Centro/agencia transcriptor PL#
020 ## - NÚMERO INTERNACIONAL ESTÁNDAR DEL LIBRO
Número Internacional Estándar del Libro 8497451651
020 ## - NÚMERO INTERNACIONAL ESTÁNDAR DEL LIBRO
Número Internacional Estándar del Libro 9788497451659
029 0# - OTRO NÚMERO DE CONTROL DE SISTEMA (OCLC)
Identificador de la biblioteca OCLC PL#
Número de control de sistema 070011686
035 ## - NÚMERO DE CONTROL DEL SISTEMA
Número de control de sistema (OCoLC)159605665
049 ## - FONDOS LOCALES (OCLC)
Biblioteca depositaria GRAL
245 00 - MENCIÓN DEL TÍTULO
Título Debates electorales televisados :
Resto del título el caso de Madrid, 2003 /
Mención de responsabilidad, etc. Jose Luis Arceo Vacas (coord.) ... [et al.].
250 ## - MENCION DE EDICION
Mención de edición 1. ed.
260 ## - PUBLICACIÓN, DISTRIBUCIÓN, ETC.
Lugar de publicación, distribución, etc. La Coruña :
Nombre del editor, distribuidor, etc. Netbiblo,
Fecha de publicación, distribución, etc. c2007.
300 ## - DESCRIPCIÓN FÍSICA
Extensión 205 p. ;
Dimensiones 21 cm.
653 ## - TÉRMINO DE INDIZACIÓN--NO CONTROLADO
Término no controlado Debates.
653 ## - TÉRMINO DE INDIZACIÓN--NO CONTROLADO
Término no controlado Televisión y política.
653 ## - TÉRMINO DE INDIZACIÓN--NO CONTROLADO
Término no controlado Campañas electorales.
653 ## - TÉRMINO DE INDIZACIÓN--NO CONTROLADO
Término no controlado Madrid (Comunidad autónoma)
-- Elecciones, 2003.
700 1# - ENTRADA AGREGADA--NOMBRE PERSONAL
Nombre de persona Arceo Vacas, José Luis,
Término indicativo de función/relación coord.
938 ## -
-- Puvill Libros
-- PUVL
-- 9788497451659
-- $40.00
942 ## - ELEMENTOS DE ENTRADA SECUNDARIOS (KOHA)
Fuente del sistema de clasificación o colocación Clasificación de Library of Congress
Tipo de ítem Koha
994 ## -
-- C0
-- DRFGD
Holdings
Estatus retirado Estado de pérdida Fuente del sistema de clasificación o colocación Estado de daño No para préstamo Colección Biblioteca de origen Biblioteca actual Ubicación en estantería Fecha de adquisición Código de barras Visto por última vez Copia número Tipo de ítem Koha
    Clasificación de Library of Congress     Automatización y Procesos Técnicos Biblioteca Juan Bosch Biblioteca Juan Bosch Automatización y Procesos Técnicos (1er. Piso) 11/04/2023 00000052263 17/02/2019 1